000 00449nam a2200181Ia 4500
008 170705s9999 xx 000 0 und d
020 _a9780517800096
245 _aVroomaloom zoom /
245 _cby John Coy ; illustrated by Joe Cepeda.
250 _aFirst edition.
260 _aNew York :
260 _bCrown Publishers,
260 _c2000
300 _aunpaged :
300 _bcolor illustration ;
300 _c26cm.
500 _a350
999 _c337237
_d337237